Test Your English Vocabulary In Use (Record no. 575914)

MARC details
000 -LEADER
fixed length control field 00483nam a22001697a 4500
008 - FIXED-LENGTH DATA ELEMENTS--GENERAL INFORMATION
fixed length control field 250715b |||||||| |||| 00| 0 eng d
020 ## - INTERNATIONAL STANDARD BOOK NUMBER
ISBN 9780521706667
Paper back/Hardbound pbk
041 ## - LANGUAGE CODE
Language code of text/sound track or separate title eng
082 ## - DEWEY DECIMAL CLASSIFICATION NUMBER
Classification number 428.1
Item number MCC
100 ## - MAIN ENTRY--AUTHOR NAME
Personal name Mccarthy, Michael
Personal name O'Dell, Felicity
245 ## - TITLE STATEMENT
Title Test Your English Vocabulary In Use
Statement of responsibility, etc by Michael McCarthy & Felicity O' Dell
260 ## - PUBLICATION, DISTRIBUTION, ETC. (IMPRINT)
Place of publication London
Name of publisher Cambridge University Press
Year of publication 2004
300 ## - PHYSICAL DESCRIPTION
Number of Pages 92p.
942 ## - ADDED ENTRY ELEMENTS (KOHA)
Koha item type English Books
Holdings
Withdrawn status Lost status Damaged status Not for loan Home library Current library Shelving location Date acquired Full call number Accession Number Price effective from Koha item type
        Anna Centenary Library Anna Centenary Library CHILDREN SECTION-1ST FLOOR, B WING 28.07.2010 428.1 MCC 106311 15.07.2025 English Books

Find us on the map